000
00241 a2200085 4500
020
_a
9780691176468
100
_a
William A. P. Childs
245
_a
Greek Art and Aesthetics in the Fourth Century B.C.
260
_b
Princeton University Press
_c
2018
999
_c
13267
_d
13267